Michelle Obama : (Record no. 9072)

MARC details
000 -LEADER
fixed length control field 01525cam a2200373 a 4500
001 - CONTROL NUMBER
control field 9072
003 - CONTROL NUMBER IDENTIFIER
control field FISKH
005 - DATE AND TIME OF LATEST TRANSACTION
control field 20251118160116.0
008 - FIXED-LENGTH DATA ELEMENTS--GENERAL INFORMATION
fixed length control field 081113s2009 nyu j b 000 0beng d
010 ## - LIBRARY OF CONGRESS CONTROL NUMBER
LC control number 2008941552
020 ## - INTERNATIONAL STANDARD BOOK NUMBER
International Standard Book Number 9780061779909
Qualifying information pbk.
020 ## - INTERNATIONAL STANDARD BOOK NUMBER
International Standard Book Number 0061779903
Qualifying information pbk.
020 ## - INTERNATIONAL STANDARD BOOK NUMBER
International Standard Book Number 9780061779916
Qualifying information trade bdg.
040 ## - CATALOGING SOURCE
Original cataloging agency JAH
Transcribing agency JAH
Modifying agency JP3
-- DLC
050 00 - LIBRARY OF CONGRESS CALL NUMBER
Classification number E909.O24
Item number B76 2009
082 00 - DEWEY DECIMAL CLASSIFICATION NUMBER
Classification number 973.932092
-- B
Edition number 22
100 1# - MAIN ENTRY--PERSONAL NAME
Personal name Brophy, David Bergen.
245 10 - TITLE STATEMENT
Title Michelle Obama :
Remainder of title meet the first lady /
Statement of responsibility, etc. by David Bergen Brophy.
260 ## - PUBLICATION, DISTRIBUTION, ETC.
Place of publication, distribution, etc. New York :
Name of publisher, distributor, etc. Collins,
Date of publication, distribution, etc. 2009.
300 ## - PHYSICAL DESCRIPTION
Extent 114 pages ;
Dimensions 20 cm.
504 ## - BIBLIOGRAPHY, ETC. NOTE
Bibliography, etc. note Includes bibliographical references (p. 103-114).
520 ## - SUMMARY, ETC.
Summary, etc. A brief biography of Michelle Obama, wife of Barack Obama.
600 10 - SUBJECT ADDED ENTRY--PERSONAL NAME
Personal name Obama, Michelle,
Dates associated with a name 1964-
Form subdivision Juvenile literature.
650 #0 - SUBJECT ADDED ENTRY--TOPICAL TERM
Topical term or geographic name entry element Presidents' spouses
Geographic subdivision United States
Form subdivision Biography
-- Juvenile literature.
650 #0 - SUBJECT ADDED ENTRY--TOPICAL TERM
Topical term or geographic name entry element Legislators' spouses
Geographic subdivision United States
Form subdivision Biography
-- Juvenile literature.
650 #0 - SUBJECT ADDED ENTRY--TOPICAL TERM
Topical term or geographic name entry element African American women lawyers
Geographic subdivision Illinois
-- Chicago
Form subdivision Biography
-- Juvenile literature.
651 #0 - SUBJECT ADDED ENTRY--GEOGRAPHIC NAME
Geographic name Chicago (Ill.)
Form subdivision Biography
-- Juvenile literature
655 #7 - INDEX TERM--GENRE/FORM
Genre/form data or focus term Literature.
Source of term lcgft
Authority record control number or standard number https://id.loc.gov/authorities/genreForms/gf2014026415
655 #7 - INDEX TERM--GENRE/FORM
Genre/form data or focus term Biographies.
Source of term lcgft
Authority record control number or standard number https://id.loc.gov/authorities/genreForms/gf2014026049
655 #7 - INDEX TERM--GENRE/FORM
Genre/form data or focus term Literature.
Source of term lcgft
Authority record control number or standard number https://id.loc.gov/authorities/genreForms/gf2014026415
906 ## - LOCAL DATA ELEMENT F, LDF (RLIN)
a 7
b cbc
c copycat
d 2
e ncip
f 20
g y-gencatlg
942 ## - ADDED ENTRY ELEMENTS (KOHA)
Source of classification or shelving scheme Dewey Decimal Classification
Koha item type Books
Suppress in OPAC No
Holdings
Withdrawn status Lost status Source of classification or shelving scheme Damaged status Not for loan Collection Home library Current library Shelving location Date acquired Total Checkouts Full call number Barcode Date last seen Copy number Price effective from Koha item type
    Dewey Decimal Classification     Non-Fiction Footprints International School Library Network Toul Tom Poung Campus Footprints International School Library Network Toul Tom Poung Campus TTP Secondary Non-Fiction Bookshelves 11/18/2025   BRO 973.932092 E909.O24 B76 FIS04627 11/18/2025 1 11/18/2025 Books